000 01753cam a22004577a 4500
003 CHAP
005 20220329142806.0
008 031021s2003 mx r 00010 spa d
010 _a87824
011 _a88796
035 _a99341
040 _cCHAP
090 _aTesis
100 0 0 _aBaeza Nahed, Uriel.
_99393
245 1 0 _aCaracterísticas tecnológicas y ecológicas del agroecosistema café orgánico en la Unión de Productores Mixteca Alta S.S.S.
_c/por Uriel Baeza Nahed
260 _aChapingo, Méx. :
_bEl autor,
_c2003.
300 _a104 h. :
_bilus.; cuadros; mapas;
502 _aTesis ( Ing. Agr. Esp. en Zonas Tropicales ) -- UACH. Departamento Centros Regionales Universitarios.
530 _aTambién disponible en línea
590 _aALEPH
_b10
_c20130110
_lUCH01
_h1455
590 _aBATCH-UPD
_b10
_c20130110
_lUCH01
_h0816
590 _aBATCH-UPD
_b10
_c20130410
_lUCH01
_h0453
590 _aBATCH-UPD
_b10
_c20130914
_lUCH01
_h0520
590 _aBATCH-UPD
_b10
_c20130914
_lUCH01
_h2134
590 _aBATCH-UPD
_b10
_c20140324
_lUCH01
_h1441
590 _aBATCH-UPD
_b10
_c20141002
_lUCH01
_h0820
590 _aBATCH
_b00
_c20181121
_lUCH01
_h0758
590 _aCONVERSION
_b10
_c20130109
_lUCH01
_h1349
650 1 4 _aAgricultura
_xInnovaciones tecnológicas.
_91565
650 1 4 _aCafé orgánico.
_917217
650 1 4 _aCafé
_xMercadeo.
_917169
650 1 4 _aEcología agrícola.
_935165
650 1 4 _aOrganización de productores.
_983544
856 _3Finding aid
_uhttp://10.13.5.2/tesis/99341.pdf
_zTeclea aqui
856 _a1
_n0000697
901 _aBK
905 _aeah
942 _cFOLL
949 _bBC
_cTES
_d33724000908430
_eTS2
_fc.2
_gDonaciØn
_h40267
_i99341
_si
949 _bBC
_cTES
_d99341
_eTS1
_gDonaciØn
_h40266
_i99341
_sb
999 _c87824
_d87824